| 000 | 00583nam a2200193Ia 4500 | ||
|---|---|---|---|
| 001 | 14867 | ||
| 003 | IVS | ||
| 005 | 20250626030557.0 | ||
| 008 | 211022s9999 xx 000 0 und d | ||
| 040 | _cIVS | ||
| 082 | _a741.6/ SHA | ||
| 100 | _aShanzeh Fatima | ||
| 245 | 0 | _aTo what extent do design and packaging impact the sale of luxurious goods in Pakistan? | |
| 260 | _aKarachi | ||
| 260 | _bIndus Valley School of art & Architecture | ||
| 260 | _c2020 | ||
| 856 | _uhttps://drive.google.com/file/d/1v8ZZ1yEans3uosegrH61W4utmJNUJl8K/view?usp=sharing | ||
| 942 |
_cDISS _2ddc _n0 |
||
| 999 |
_c11180 _d11180 |
||